Growth performance of broiler chicken (gallus gallus domesticus) fed with varying levels vegetable remnants (Record no. 82186)

MARC details
000 -LEADER
fixed length control field 03332nam a22002657a 4500
003 - CONTROL NUMBER IDENTIFIER
control field URS
005 - DATE AND TIME OF LATEST TRANSACTION
control field 20250225232931.0
008 - FIXED-LENGTH DATA ELEMENTS--GENERAL INFORMATION
fixed length control field 250225b |||||||| |||| 00| 0 eng d
050 00 - LIBRARY OF CONGRESS CALL NUMBER
Classification number LG 221.R59
Item number .G9198 2024
100 1# - MAIN ENTRY--PERSONAL NAME
Personal name Abayan, Avegiel M.
Relator term Resesarcher
245 ## - TITLE STATEMENT
Title <a href="Growth performance of broiler chicken (gallus gallus domesticus) fed with varying levels vegetable remnants">Growth performance of broiler chicken (gallus gallus domesticus) fed with varying levels vegetable remnants</a>
Statement of responsibility, etc Avegiel M. Abayan...[et al].
260 #1 - PUBLICATION, DISTRIBUTION, ETC. (IMPRINT)
Date of publication, distribution, etc 2024
300 ## - PHYSICAL DESCRIPTION
Extent xi, 85 leaves;
Other physical details illustrations
Dimensions 28 cm
336 ## - CONTENT TYPE
Source rda content
Content type term text
337 ## - MEDIA TYPE
Source rda media
Media type term unmediated
338 ## - CARRIER TYPE
Source rda carrier
Carrier type term volume
502 ## - DISSERTATION NOTE
Dissertation note Undergraduate Thesis
Degree type Bachelor of science in agriculture Major in Animal science
Name of granting institution University of Rizal System, Rodriguez, Rizal<br/>
Year degree granted 2024
520 ## - SUMMARY, ETC.
Summary, etc This experimental study was conducted to investigate the growth performance of broiler chicken Cobb 500 (Gallus gallus domesticus) fed with varying levels of vegetable remnants which consist of chayote, carrots, and cabbage. Randomized Block Design (RBD) with three treatments and three<br/>replications was used as design in this study.<br/>The researchers utilized Analysis of Variance (ANOVA) as the statistical<br/>method in evaluating the data of the study. The researchers decided to carry out<br/>their experimental study at the University of Rizal System - Roriguez Campus. The experiment was conducted for about 135 days, from October 6, 2023 to February 31, 2024. 45 heads of chicken were used as experimental animals.<br/>The subjects of the study were divided into three treatments: treatment 1 -<br/>fed with pure commercially feeds; treatment 2 - fed with 50% vegetable remnants<br/>(chayote, carrots, cabbage) and 50% commercially feeds; and treatment 3 - fed with 30% commercially feeds and 70% vegetable remnants (chayote, carrots,<br/>cabbage).<br/>This research investigated how varying amounts of vegetable remnants affect broiler chicken growth. Using comprehensive statistical analyses, the study<br/>examined average gain weight, feed conversion efficiency, feed consumption,<br/>water consumption, and market weight. While average gain weight remained similar across different dietary groups, significant differences emerged in how efficiently feed was converted, feeding and water consumption patterns, and the final market weight of the chickens. These findings highlight the clear impact of vegetable remnants on feed utilization, water intake, and market weight. In essence, the study reveals a trade-off: incorporating vegetable remnants improves feed conversion efficiency but potentially reduces overall average gain weight and market weight. Despite this slight decrease in average gain weight, diets containing vegetable remnants offer cost advantages due to lowered feed costs.<br/>Additionally, the study suggests a possible link between lower weight gain and the use of vegetable remnants, potentially impacting feather development. Further<br/>research is needed to fully understand the growth dynamics of broiler chickens fed with vegetable remnants, ultimately leading to optimized feeding practices for enhanced production efficiency.
650 ## - SUBJECT ADDED ENTRY--TOPICAL TERM
Source of heading or term growth performance
700 ## - ADDED ENTRY--PERSONAL NAME
Personal name Eramis, Lyza Grace B.
Relator term Researcher
700 ## - ADDED ENTRY--PERSONAL NAME
Personal name Patagnan, Princess R.
Relator term Researcher
700 ## - ADDED ENTRY--PERSONAL NAME
Personal name Valmoria, Maridel
Relator term Researcher
700 ## - ADDED ENTRY--PERSONAL NAME
Personal name Ubongen, Virginia R.
Relator term Adviser
942 ## - ADDED ENTRY ELEMENTS (KOHA)
Source of classification or shelving scheme Library of Congress Classification
Koha item type Theses and dissertations
Holdings
Withdrawn status Source of classification or shelving scheme Damaged status Not for loan Home library Current library Shelving location Date acquired Total Checkouts Full call number Barcode Date last seen Copy number Price effective from Koha item type
  Library of Congress Classification   Not For Loan Rodriguez College Library Rodriguez College Library Undergraduate Theses 02/25/2025   LG 221.R59 .G9198 2024 URSROD-UGT-AS-0919 02/25/2025 1 02/25/2025 Theses and dissertations

University of Rizal System
Email us at univlibservices@urs.edu.ph

Visit our Website www.urs.edu.ph/library